Ako správne vychovávať deti /
Saved in:
| Main Author: | |
|---|---|
| Other Authors: | |
| Format: | Book |
| Language: | Slovak Greek, Ancient (to 1453) |
| Published: |
Bratislava :
Iris,
2020.
|
| Edition: | Prvé vydanie |
| Subjects: | |
| ISBN: |
9788082000460 |
| Physical Description: |
107 strán ; 21 cm. |
| Tags: |
Add Tag
No Tags, Be the first to tag this record!
|
Titul je dostupný aj v ... 

MARC
| LEADER | 00000nam a2200000 i 4500 | ||
|---|---|---|---|
| 001 | 000646721 | ||
| 005 | 20201215130903.0 | ||
| 008 | 201012s2020 xo g 000 0 slo d | ||
| 020 | |a 9788082000460 |q (viazané) | ||
| 040 | |a SVKKK |b slo |c SVKKK |e rda | ||
| 041 | 1 | |a slo |a grc |b slo |b eng |h grc | |
| 044 | |a xo |c SK | ||
| 072 | 7 | |a 37 |x Výchova a vzdelávanie |2 konspekt | |
| 080 | |a 37.03-053.2 |2 2011 | ||
| 080 | |a 101-051 |2 2011 | ||
| 080 | |a 930.85(37/38) |2 2011 | ||
| 080 | |a (035) |2 2011 | ||
| 100 | 0 | |a Plutarchos, |d ca 50-ca 120 |4 aut | |
| 245 | 1 | 0 | |a Ako správne vychovávať deti / |c Plutarchos ; preklad, vedecký komentár, doslov a edícia starogréckeho textu Andrej Kalaš. |
| 250 | |a Prvé vydanie | ||
| 264 | 1 | |a Bratislava : |b Iris, |c 2020. | |
| 300 | |a 107 strán ; |c 21 cm. | ||
| 336 | |a text |b txt |2 rdacontent | ||
| 337 | |a bez média |b n |2 rdamedia | ||
| 338 | |a zväzok |b nc |2 rdacarrier | ||
| 504 | |a Bibliografické odkazy | ||
| 546 | |a Slovenské a anglické resumé ; súbežný názov a text v starogrečtine | ||
| 650 | 0 | 7 | |a výchova dieťaťa |2 SVKKKPH |
| 650 | 0 | 7 | |a filozofi |2 SVKKKPH |
| 650 | 0 | 7 | |a antika |2 SVKKKPH |
| 650 | 0 | 7 | |a child rearing |2 SVKKKPHeng |
| 650 | 0 | 7 | |a philosophers |2 SVKKKPHeng |
| 650 | 0 | 7 | |a antiquity |2 SVKKKPHeng |
| 655 | 7 | |a príručky |2 SVKKKPH | |
| 655 | 7 | |a handbooks and manuals |2 SVKKKPHeng | |
| 700 | 1 | |a Kalaš, Andrej, |d 1974- |4 trl |4 aui | |
| 910 | |a svkkk | ||
| 919 | |a 978-80-8200-046-0 | ||
| 998 | |a BK | ||
| 090 | |g SCKHL |k Sklad Hlavná 10 prízemie |a III.248739 |j 1106415 |i 2720749994 |s Absenčne | ||
| 090 | |g SCKHL |k Sklad Hlavná 10 prízemie |a III.248928 |j 1106977 |i 2720753868 |s Absenčne | ||